Új helyen a Balázs Béla úttörőház
Elmentve itt :
| Dokumentumtípus: | Cikk |
|---|---|
| Megjelent: |
1976-04-02
|
| Sorozat: | Délmagyarország
66 No. 79 |
| Kulcsszavak: | úttörőmozgalom |
| Online Access: | http://dmarchiv.bibl.u-szeged.hu/113714 |
| LEADER | 00413nab a2200145 i 4500 | ||
|---|---|---|---|
| 001 | delm113714 | ||
| 005 | 20190506124435.0 | ||
| 008 | 190506s1976 hu o 0|| hun d | ||
| 040 | |a SZTE Délmagyarország Archívum |b hun | ||
| 041 | |a hun | ||
| 245 | 0 | 0 | |a Új helyen a Balázs Béla úttörőház |h [elektronikus dokumentum] |
| 260 | |c 1976-04-02 | ||
| 300 | |a 8 | ||
| 490 | 0 | |a Délmagyarország |v 66 No. 79 | |
| 695 | |a úttörőmozgalom | ||